00512nam a2200205Ia 4500008004100000020001800041050001400059100002300073245002300096245005600119260001500175260001600190260000900206300001600215300002700231300001000258440002300268440000700291500000800298170918s9999 xx 000 0 und d a9780439883801 bP944 2007 aPrevost, Guillaume 4aThe gate of days / cGuillaume Prevost ; translated by William Rodarmor. aNew York : bScholastic, c2007 a249 pages : bcolored illustration ; c19cm. aThe book of time ; vII a800